000 00296nam a22001337a 4500
008 171123b xxu||||| |||| 00| 0 eng d
020 _a0866910883
041 _aeng
080 _a33
100 _a58
101 _aBUS
245 _aFARM& RANCH BUSINESS MANAGEMENT
_cSTEWARD,J
942 _2udc
_cBK
999 _c38411
_d38411